000
00199nam a22000977a 4500
999
_c
16237
_d
16237
003
OSt
008
200625b ||||| |||| 00| 0 eng d
100
_a
K surendran
_9
4636
245
_a
Jwala
942
_c
BK